Depeche Mode - Shake The Disease - Statistics

General Stats
  • This quiz has been taken 49 times
  • The average score is 193 of 218
Answer Stats
Answer % Correct
a
100%
disease
100%
I
100%
shake
100%
the
100%
in
97%
In
97%
it
97%
like
97%
my
97%
these
97%
you
97%
You
97%
for
95%
hard
95%
is
95%
know
95%
me
95%
situations
95%
to
95%
To
95%
be
92%
do
92%
Here
92%
How
92%
how
92%
takes
92%
And
90%
and
90%
as
90%
from
90%
knows
90%
Nobody
90%
not
90%
of
90%
plea
90%
well
90%
can
87%
heart
87%
That
87%
Understand
87%
down
85%
going
85%
I'm
85%
it's
85%
knees
85%
on
85%
see
85%
I've
82%
try
82%
When
82%
Can't
79%
adore
77%
Begging
77%
could
77%
make
77%
important
74%
misery
74%
tongue
74%
tried
72%
have
69%
misunderstood
69%
hold
67%
I'll
67%
there
67%
torture
67%
got
64%
people
64%
Some
64%
spirit
64%
things
64%
devoted
62%
each
62%
forever
62%
Lovers
62%
Other
62%
said
62%
together
62%
before
59%
Now
44%
Permamently
3%
No matching quizzes found
Score Distribution
Percent of People with Each Score
Percentile by Number Answered
Your Score History
You have not taken this quiz